ARRUPE JESUIT UNIVERSITY

CORONAVIRUS -STOP THE SPREAD - CLEAN,DISINFECT,COVER

The Philosophy of Paul Ricoeur / (Record no. 122197)

MARC details
000 -LEADER
fixed length control field 01005cam a2200289 a 4500
001 - CONTROL NUMBER
control field 4906596
003 - CONTROL NUMBER IDENTIFIER
control field ARRUPE
005 - DATE AND TIME OF LATEST TRANSACTION
control field 20150225141223.0
008 - FIXED-LENGTH DATA ELEMENTS--GENERAL INFORMATION
fixed length control field 940916s1995 ilua b 001 0deng
010 ## - LIBRARY OF CONGRESS CONTROL NUMBER
LC control number 94024362
020 ## - INTERNATIONAL STANDARD BOOK NUMBER
International Standard Book Number 0812692594
020 ## - INTERNATIONAL STANDARD BOOK NUMBER
International Standard Book Number 0812692608 (pbk.)
040 ## - CATALOGING SOURCE
Original cataloging agency DLC
Transcribing agency DLC
Modifying agency DLC
050 00 - LIBRARY OF CONGRESS CALL NUMBER
Classification number B2430.R553
Item number P48 1995
082 00 - DEWEY DECIMAL CLASSIFICATION NUMBER
Classification number 194
Edition number 20
300 ## - PHYSICAL DESCRIPTION
Other physical details ill. ;
Dimensions 24 cm.
100 ## - MAIN ENTRY--PERSONAL NAME
Personal name Hahn, Lewis Edwin
9 (RLIN) 10294
245 04 - TITLE STATEMENT
Title The Philosophy of Paul Ricoeur /
Statement of responsibility, etc edited by Lewis Edwin Hahn.
260 ## - PUBLICATION, DISTRIBUTION, ETC. (IMPRINT)
Place of publication, distribution, etc Chicago :
Name of publisher, distributor, etc Open Court,
Date of publication, distribution, etc c1995.
300 ## - PHYSICAL DESCRIPTION
Extent xviii, 828 p. :
440 #4 - SERIES STATEMENT/ADDED ENTRY--TITLE
Title The library of living philosophers ;
Volume number/sequential designation v. 22
9 (RLIN) 15549
504 ## - BIBLIOGRAPHY, ETC. NOTE
Bibliography, etc Includes bibliographical references (p. [611]-815) and index.
600 10 - SUBJECT ADDED ENTRY--PERSONAL NAME
Personal name Ricœur, Paul.
9 (RLIN) 15550
700 1# - ADDED ENTRY--PERSONAL NAME
Personal name Hahn, Lewis Edwin,
Dates associated with a name 1908-2004.
9 (RLIN) 15551
906 ## - LOCAL DATA ELEMENT F, LDF (RLIN)
a 7
b cbc
c orignew
d 1
e ocip
f 19
g y-gencatlg
942 ## - ADDED ENTRY ELEMENTS (KOHA)
Source of classification or shelving scheme Library of Congress Classification
Koha item type Monograph ( Printed materials)
Holdings
Withdrawn status Lost status Source of classification or shelving scheme Damaged status Not for loan Collection code Home library Current library Shelving location Date acquired Total Checkouts Full call number Barcode Date last seen Price effective from Koha item type
    Library of Congress Classification     Main Collection ARRUPE LIBRARY ARRUPE LIBRARY Main Collection 25/02/2015   B2430.R553 P48 1994 46003094100 25/02/2015 25/02/2015 Monograph ( Printed materials)

 

Arrupe Library. PO Box MP320 Mt Pleasant, Harare, Zimbabwe
263 242 745411|librarian@aju.ac.zw